Online katalóg knižníc regiónu Turca

Básnické remeslo (Record no. 20465)

MARC details
000 -LEADER
fixed length control field 01142nam a2200373 a 4500
001 - CONTROL NUMBER
control field 20465
003 - CONTROL NUMBER IDENTIFIER
control field VRT
005 - DATE AND TIME OF LATEST TRANSACTION
control field 20260122143741.0
008 - FIXED-LENGTH DATA ELEMENTS--GENERAL INFORMATION
fixed length control field 960531q1995 xo g p 000 p slo c
020 ## - INTERNATIONAL STANDARD BOOK NUMBER
International Standard Book Number 8088834120 (brož.)
035 ## - SYSTEM CONTROL NUMBER
System control number UKB000184600
039 #9 - LEVEL OF BIBLIOGRAPHIC CONTROL AND CODING DETAIL [OBSOLETE]
Level of rules in bibliographic description 201302251055
Level of effort used to assign nonsubject heading access points gluc
Level of effort used to assign subject headings 201302251053
Level of effort used to assign classification gluc
040 ## - CATALOGING SOURCE
Original cataloging agency BAA001
Language of cataloging slo
Transcribing agency BAA001
Description conventions AACR2
041 0# - LANGUAGE CODE
Language code of text/sound track or separate title slo
044 ## - COUNTRY OF PUBLISHING/PRODUCING ENTITY CODE
MARC country code xo
ISO country code SK
080 ## - UNIVERSAL DECIMAL CLASSIFICATION NUMBER
Universal Decimal Classification number 871-93-1(08)
243 10 - COLLECTIVE UNIFORM TITLE
Uniform title <a href="Antická poézia">Antická poézia</a>
245 10 - TITLE STATEMENT
Title Básnické remeslo
Remainder of title výber z antickej poézie
Statement of responsibility, etc. [prel. Vojtech Mihálik ... et al.]
260 ## - PUBLICATION, DISTRIBUTION, ETC.
Place of publication, distribution, etc. Rohovce
Name of publisher, distributor, etc. Interpopulart Slovakia
Date of publication, distribution, etc. [1995]
300 ## - PHYSICAL DESCRIPTION
Extent 129 s.
490 1# - SERIES STATEMENT
Series statement Populart. Študentská knižnica
Volume/sequential designation 13
500 ## - GENERAL NOTE
General note Antická poézia
504 ## - BIBLIOGRAPHY, ETC. NOTE
Bibliography, etc. note Bibliogr. s. 128
650 07 - SUBJECT ADDED ENTRY--TOPICAL TERM
Topical term or geographic name entry element literatúra latinská klasická
650 07 - SUBJECT ADDED ENTRY--TOPICAL TERM
Topical term or geographic name entry element poézia
653 ## - INDEX TERM--UNCONTROLLED
Uncontrolled term 871-93-1(08)
700 1# - ADDED ENTRY--PERSONAL NAME
Personal name Mihálik, Vojtech,
Dates associated with a name 1926-2001
Relationship trl
830 #0 - SERIES ADDED ENTRY--UNIFORM TITLE
Uniform title Populart. Študentská knižnica
Volume/sequential designation 13
910 ## - USER-OPTION DATA (OCLC)
User-option data ukb
942 ## - ADDED ENTRY ELEMENTS (KOHA)
Source of classification or shelving scheme Dewey Decimal Classification
Koha item type Krásna literatúra pre dospelých
Suppress in OPAC No
949 ## - LOCAL PROCESSING INFORMATION (OCLC)
6 1800004730
a 30.D.64384
b PV.1821-96
949 ## - LOCAL PROCESSING INFORMATION (OCLC)
6 1800004731
a SL.D.23193
b PV.1822-96
949 ## - LOCAL PROCESSING INFORMATION (OCLC)
6 1800006910
a 30.D.64384
b KD.178-96
Holdings
Stav vyradenia Strata Poškodenie Spôsob nadobudnutia Domovská knižnica Aktuálna knižnica Dátum nadobudnutia Total checkouts Čiarový kód exemplára Date last seen Typ exemplára
      Dar Obecná knižnica Horná Štubňa Obecná knižnica Horná Štubňa 22.01.2026   8088834120 22.01.2026 Krásna literatúra pre dospelých
Projekt je podporený Slovenskou asociáciou knižníc
Prevádzkuje Turčianska knižnica Martin 2026